| 000 | 00705cab a2200229 4500 | ||
|---|---|---|---|
| 001 | ABS57079 | ||
| 008 | 090401t1997 xxu||||| |||| 00| 0 eng d | ||
| 035 | _a(Sirsi) u79189 | ||
| 041 | _aeng | ||
| 100 | _aChapman, R. | ||
| 245 | _aManaging design change | ||
| 260 | _c1997 | ||
| 350 | _a0 | ||
| 490 |
_aArchitects` Journal _v205(24) 19 June 1997, 47-49(3) |
||
| 520 | _aAdvocates that building the capacity to deal with change in design into a project at the outset will save a lot of difficulities in the longrun. | ||
| 650 | _aCHANGE CONTROL | ||
| 650 | _aCLIENT BRIEFS | ||
| 650 | _aDESIGN CHANGE | ||
| 690 | _aBUILT ENVIRONMENT-CONSTRUCTION DESIGN | ||
| 942 | _n0 | ||
| 948 | _c25/06/1997 | ||
| 999 |
_c49780 _d49780 |
||